Movies Quiz

Random Movies or Director Quiz
Score 0/15 Timer 04:00
4 Plays Today
Year - Movie Star Movie % Correct
1993 - Tom HanksSleepless in Seattle
81.7%
1989 - Billy CrystalWhen Harry Met Sally...
81.6%
1998 - Tom HanksYou've Got Mail
72.5%
2009 - Meryl StreepJulie & Julia
52.4%
1983 - Meryl StreepSilkwood
30.6%
1996 - John TravoltaMichael
29.7%
1986 - Jack NicholsonHeartburn
27.8%
2005 - Nicole KidmanBewitched
22%
Year - Movie Star Movie % Correct
1994 - Steve MartinMixed Nuts
12.5%
1990 - Steve MartinMy Blue Heaven
12.3%
2000 - Diane KeatonHanging Up
10.8%
2000 - John TravoltaLucky Numbers
9.4%
1992 - Julie KavnerThis Is My Life
8.9%
1989 - Dianne WiestCookie
8.2%
1998 - Kirsten DunstAll I Wanna Do
5.4%
Remove Ads.
Support Sporcle.
Get the best of Sporcle when you Go Orange. This ad-free experience offers more features, more stats, and more fun while also helping to support Sporcle. Thank you for becoming a member.

You're not logged in!

Compare scores with friends on all Sporcle quizzes.
OR
Log In

Show Comments

Extras

Top Quizzes Today


Score Distribution

Your Account Isn't Verified!

In order to create a playlist on Sporcle, you need to verify the email address you used during registration. Go to your Sporcle Settings to finish the process.

Report this User

Report this user for behavior that violates our Community Guidelines.

Details: